| 000 | 00871nam a2200265Ia 4500 | ||
|---|---|---|---|
| 003 | OSt | ||
| 005 | 20221005113356.0 | ||
| 006 | a|||||r|||| 00| 0 | ||
| 007 | ta | ||
| 008 | 221004b |||||||| |||| 00| 0 pan d | ||
| 020 | _cINR 200.00 | ||
| 024 | _a38937 | ||
| 037 |
_b1016, 30/01/2018, H.K. Prakashan _cTextual |
||
| 040 |
_aCRL _cCRL _bpan |
||
| 041 |
_2pan _apan |
||
| 082 | _aY:351.243, 153Q6 | ||
| 100 | _aਘੁੰਮਣ, ਆਸਾ ਸਿੰਘ, ਂਚ. | ||
| 245 | 0 | _aਦਾਸਤਾਨ-ਇ-ਦਸਤਾਰ | |
| 250 | _a3ਅਡੀFਨ | ||
| 260 |
_aਮੋਹਾਲੀ _bਸੁਮਿਤ ਭਾਰਤ _c2016 |
||
| 300 |
_a143ਪ0 _ccm. |
||
| 650 | _aਸਭਿਆਚਾਰ | ||
| 942 |
_hY:351.243, 153Q6 _cTEXL _2cc |
||
| 999 |
_c1027970 _d1027970 |
||